000 01641cam a2200409Ma 4500
001 ocn827833300
003 TZ-ArACH
005 20150408125224.0
008 130130s2011 po d 000 0 por d
020 _a9789727577965
020 _a9727577962
035 _a(OCoLC)827833300
040 _aQCL
_cTZ-ArACH
_dOCLCO
_dOCLCF
_dOCLCO
_dRDF
_dBEDGE
041 _aPortuguese
049 _aTZAA
050 _aPC5145
_b.V46
082 4 _a469.31
100 1 _aVentura, Maria Helena.
_915190
245 1 0 _aGuia prático de verbos com preposições /
_cautores, Helena Ventura, Manuela Caseiro.
250 _a3.{u00AA} edição /
_bedição atualizada e aumentada.
260 _aLisboa :
_bLIDEL Edições Técnicas,
_c2011.
300 _a118 p. ;
_c18 cm.
650 0 _aPortuguese language
_xVerb
_vDictionaries.
_915191
650 0 _aPortuguese language
_xPrepositions
_vDictionaries.
_915192
650 0 _aPortuguese language
_xUsage
_vDictionaries.
_915193
650 7 _aPortuguese language
_xPrepositions.
_2fast
_915194
650 7 _aPortuguese language
_xUsage.
_2fast
_915195
650 7 _aPortuguese language
_xVerb.
_2fast
_915196
650 7 _aEnseignement des langues.
_2eclas
_915197
650 7 _aGrammaire.
_2eclas
_915198
650 7 _aFormation.
_2eclas
_915199
655 7 _aDictionaries.
_2fast
_915200
700 1 _aCaseiro, Manuela.
_915201
942 _2lcc
_cBOOK
999 _c3021
_d3021